Statistics for Harry Potter first name quiz

Click here to take the quiz!

General Stats

  • This quiz has been taken 30 times
  • The average score is 13 of 15

Answer Stats

QuestionAnswer% Correct
WeasleyArthur
100%
WeasleyFred
100%
WeasleyGeorge
100%
PotterHarry
100%
PotterJames
100%
PotterLily
100%
WeasleyMolly
100%
LongbottomNeville
100%
WeasleyRon
96%
WeasleyBill
88%
WeasleyCharlie
85%
WeasleyPercy
77%
LongbottomAlice
73%
GrangerHermione
65%
LongbottomAugusta
58%

Score Distribution

Percentile by Number Answered

Percent of People with Each Score

Your Score History

You have not taken this quiz